000 00647nam a22002417a 4500
003 UA-OsUOA
001 127959
007 ta
008 20171220b un ||||| |||| 00| 0 ukr d
100 _aБорланд Р.
090 _a004.45
_bБ82
942 _cBK
040 _aUA-OsUOA
_brus
_cUA-OsUOA
_dUA-OsUOA
245 _aЭффективная работа с Word 7.0 для Windows 95
300 _a1104 с.
955 _a2
041 _arus
080 _a004.45
020 _a5-88782-041-1
260 _aСПб
_bПитер
_c1997
650 7 _a00 Загальні питання науки і культури
_2UDC
999 _c396019
_d396019